| 000 | 00405 a2200133 4500 | ||
|---|---|---|---|
| 005 | 20250514143841.0 | ||
| 020 | _a0-7619-9441-6 | ||
| 082 | _a658.3 SAI | ||
| 245 | _aHuman Resource Management: Perspectives for the New Era. | ||
| 260 |
_aNew Delhi, _bResponse Book, _c2000. |
||
| 300 |
_a370p.: ill.; table _bBibliographical Reference & Index _c21cm. |
||
| 700 | _aSAINI, D. S & KHAN, S. A. | ||
| 942 |
_2ddc _cBKS |
||
| 999 |
_c2268 _d2268 |
||